〈Minecraft〉プレイヤーよりHPが多いモブ -サドンデス- - Statistics

General Stats
  • This quiz has been taken 1,456 times
  • The average score is 8 of 15
Answers on the Grid
Answers color-coded by a green-red scale on the quiz's grid according to % correct below.
エンダードラゴン
エンダーマン
エンダーマイト
エルダーガーディアン
ガーディアン
イカ
イルカ
フグ
カメ
シロクマ
ウシ
ブタ
ヒツジ
ニワトリ
ラマ
ラクダ
アイアンゴーレム
スノウゴーレム
クモ
洞窟グモ
ウィッチ
スライム(大)
シルバーフィッシュ
ピリジャー
ヴェックス
ラヴェジャー
ガスト
ウィザー
シュルカー
ウォーデン
 
Answer Stats
Answer % Correct
200 エンダードラゴン
99%
80 エルダーガーディアン
85%
40 エンダーマン
80%
100 アイアンゴーレム
77%
500 ウォーデン
59%
300 ウィザー
56%
30 ガーディアン
52%
30 シロクマ
51%
100 ラヴェジャー
50%
26 ウィッチ
32%
32 ラクダ
31%
24 ピリジャー
30%
30 シュルカー
26%
30 カメ
21%
30 ラマ
21%
No matching quizzes found
Score Distribution
Percent of People with Each Score
Percentile by Number Answered
Your Score History
You have not taken this quiz